000 01868nam a22003137a 4500
003 OSt
005 20260204164330.0
007 a
008 260129b |||||||| |||| 00| 0 eng d
020 _a9798765140116
040 _aFoundation University
_beng
_cFoundation University
_dFULib
_erda
050 _aDS 119.7
_b.2025 C66
245 0 0 _aConflict in the holy land :
_bfrom ancient times to the Arab-Israeli conflicts /
_cRobert C. DiPrizio , editor.
260 _aCalifornia :
_bBloomsbury Publishing Inc.,
_c2025.
264 _42025.
300 _3resource
_axlvii, 373 pages :
_billustrations ;
_c25 cm.
_fvolume
336 _2rdacontent
_atext
_btxt
337 _2rdamedia
_aunmediated
_bn
338 _2rdacarrier
_3resource
_avolume
_bnc
504 _aIncludes bibliographical references and index.
520 _aThe Holy Land. Israel. Palestine. No place on Earth evinces as much emotions, or has seen as much conflict, as this tiny sliver of land between the Jordan river and Mediterranean Sea. Revered by Jews, Christians, and Muslims, and fought over for millennia, it remains the epicenter of one of the world's most vexing and enduring conflicts. This encyclopedia surveys the record of violence across the Holy Land from ancient times to the ongoing Arab-Israeli conflicts. -- Part of the introduction.
650 _2LC
_aArab-Israeli conflict
_vEncyclopedias.
_914506
650 _2LC
_aJewish-Arab relations
_vEncyclopedias.
_914507
650 _2LC
_aEthnic relations
_vEncyclopedias.
_914508
_zIsrael
658 _aPolitical science, Master of Arts in :
_bWest Asian Politics ;
_cPOL332
700 _aDiPrizio, Robert C.,
_d1968-
_eeditor
_914509
856 _uhttps://drive.google.com/file/d/1LkO9i_-2fChAv45UlLAdHEbb1ZMtk-bN/view?usp=sharing
_yClick here to view the table of content
942 _2lcc
_cBK
_hDS 119.7
_i.2025 C66
_k(CAS-PS)
_n0
999 _c5506
_d5506